00341nam a2200133Ia 4500008004100000100005400041245003000095250001200125260002900137300000800166650001100174942000700185999001500192190216s9999||||xx |||||||||||||| ||und|| aJohn Merle Coulter And Charles Joseph Chamberlain 0aMorphology Of Angiosperms a1st Ed. bCentral Book Depotc1976 a348 aBotany cBK c1130d1130